Annual review of the RICS Education Trust 2008 (Record no. 115660)

MARC details
000 -LEADER
fixed length control field 01362cad a22002055a 4500
001 - CONTROL NUMBER
control field L159067
008 - FIXED-LENGTH DATA ELEMENTS--GENERAL INFORMATION
fixed length control field 140115s2008 xxk f 000 0 eng d
035 ## - SYSTEM CONTROL NUMBER
System control number (Sirsi) u159067
041 0# - LANGUAGE CODE
Language code of text/sound track or separate title eng
110 2# - MAIN ENTRY--CORPORATE NAME
Corporate name or jurisdiction name as entry element Royal Institution of Chartered Surveyors
Subordinate unit Education Trust
9 (RLIN) 47
245 00 - TITLE STATEMENT
Title Annual review of the RICS Education Trust 2008
Medium [electronic resource]
260 ## - PUBLICATION, DISTRIBUTION, ETC.
Place of publication, distribution, etc. London
Name of publisher, distributor, etc. RICS
Date of publication, distribution, etc. 2008
505 2# - FORMATTED CONTENTS NOTE
Formatted contents note Sensing and autonomous navigation high precision plantery landers -- Taking the Gender Equality Duty into account in regeneration -- Transaction costs, planning and housing -- Residential space standards and the retention of families in inner urban locations -- Flooding and physical planning in urban centres of West Africa -- Issues relating to problems of non-insurance and under-insurance
520 ## - SUMMARY, ETC.
Summary, etc. Annual report of the RICS Education Trust. A particular feature of the grants that the trustees made during 2008 was a concern with the increasing impact that natural disasters are having on the built and natural environment, and ways in which built environment professionals can respond effectively to that threat.
590 ## - LOCAL NOTE (RLIN)
Local note KA
650 24 - SUBJECT ADDED ENTRY--TOPICAL TERM
Topical term or geographic name entry element ABOUT RICS
651 #4 - SUBJECT ADDED ENTRY--GEOGRAPHIC NAME
Geographic name International
856 40 - ELECTRONIC LOCATION AND ACCESS
Uniform Resource Identifier <a href="https://www.rics.org/Global/Downloads/2008AnnualReportRICSEducationTrust2009.pdf">https://www.rics.org/Global/Downloads/2008AnnualReportRICSEducationTrust2009.pdf</a>
Public note View the item free of charge at www.rics.org...
942 ## - ADDED ENTRY ELEMENTS (KOHA)
Suppress in OPAC 0
Holdings
Withdrawn status Lost status Source of classification or shelving scheme Damaged status Not for loan Home library Current library Shelving location Date acquired Total Checkouts Full call number Barcode Date last seen Copy number Price effective from Koha item type
    Dewey Decimal Classification     London London RICS Boxes 24/12/2015   RICS 2008/76 30078833 06/08/2019 1 06/08/2019 Book